000
00252nam a22001097a 4500
082
_a
923.2 MAN'D
100
_a
MANVELL, ROGER,FRAENKED, HEINRICH
_9
60118
245
_a
DOCTOR GOEBBELS
260
_a
NEWYORK
_b
MENTOR
_c
1968
300
_a
253P
942
_c
BK
999
_c
569931
_d
569931